MARC

LEADER 00000nam0a2200000 4500
001 295441
005 20231102000817.0
035 |a (RuTPU)RU\TPU\book\320519 
090 |a 295441 
100 |a 20150522d1983 k y0rusy5003 ca 
101 0 |a rus 
102 |a RU 
105 |a a z 001zy 
200 1 |a Программные системы для комплексов коллективного пользования  |e сборник научных трудов  |f Академия наук СССР (АН СССР), Сибирское отделение (СО), Вычислительный центр ; под ред. В. Е. Котова 
210 |a Новосибирск  |c Изд-во ВЦ СО АН СССР  |d 1983 
215 |a 79 с.  |c ил. 
320 |a Библиография в конце статей 
606 1 |a Информационно-вычислительные системы  |2 stltpush  |3 (RuTPU)RU\TPU\subj\12905  |9 39606 
610 1 |a архитектура 
610 1 |a ЭВМ 
610 1 |a информация 
610 1 |a обработка 
610 1 |a хранение 
610 1 |a текстовая информация 
610 1 |a редактирование 
675 |a 681.324  |v 3 
702 1 |a Котов  |b В. Е.  |g Вадим Евгеньевич  |4 340 
712 0 2 |a Академия наук СССР (АН СССР)  |b Сибирское отделение (СО)  |b Вычислительный центр  |c (Новосибирск)  |2 stltpush  |3 (RuTPU)RU\TPU\col\11456 
801 0 |a RU  |b RuMRKP  |c 19950704  |g psbo 
801 1 |a RU  |b 63413507  |c 20150522 
801 2 |a RU  |b 63413507  |c 20170724  |g RCR 
942 |c BK